000
00300nam a2200121Ia 4500
008
220204s9999 xx 000 0 und d
082
_a
801
_b
GON
100
_a
Gondin, William R
245
0
_a
Art of speaking made simple
260
_a
London
_b
Allen
_c
1967
700
_a
Mammen, Edward W
942
_c
BK
999
_c
24760
_d
24760